| 000 | 00943nam a2200265 a 4500 | ||
|---|---|---|---|
| 001 | BRCA_5274 | ||
| 005 | 20190320205019.0 | ||
| 008 | 011210s1969----u--a######---#000-0#eng-# | ||
| 041 | _aeng | ||
| 044 | _au | ||
| 050 | 4 |
_aTP849 _b.C36 1969 |
|
| 100 | 1 |
_aCampbell Cloak, Evelyn _913508 |
|
| 245 | 1 | 0 |
_aGlass Paperweights _bof the Bergstrom Art Center _cEvelyn Campbell Cloak ; introduction by Helen McKearin. |
| 260 |
_aEstados Unidos _bCrown _c1969 |
||
| 300 |
_a196 p. _bil. a color _c29 cm. |
||
| 500 | _aIncluye índice alfabético | ||
| 500 | _aDonación Dr. Héctor Rivero Borrell Vázquez | ||
| 504 | _aBibliografía: p. 173-190 | ||
| 650 | 1 | 4 |
_aPisapapeles de cristal _vCatálogos _zEstados Unidos _913509 |
| 650 | 1 | 4 |
_aCentro de arte Bergstrom _vColecciones de arte _xPisapapeles de cristal _zEstados Unidos _913510 |
| 700 | 1 |
_aMcKearin, Helen _92703 |
|
| 710 | 2 |
_aCentro de arte Bergstrom _913511 |
|
| 902 | _aDHR | ||
| 942 |
_2lcc _cB |
||
| 999 |
_c4968 _d4968 |
||